Management and motivation: selected readings (Record no. 82404)

MARC details
000 -LEADER
fixed length control field 00772nam a2200181 a 4500
008 - FIXED-LENGTH DATA ELEMENTS--GENERAL INFORMATION
fixed length control field 120416s1982 ||||||||||||||||| || u
050 ## - LIBRARY OF CONGRESS CALL NUMBER
Classification number HF 5548.8 Man
100 ## - MAIN ENTRY--PERSONAL NAME
Personal name Vroom, Victor H
245 10 - TITLE STATEMENT
Title Management and motivation: selected readings
Statement of responsibility, etc. edited by Victor H. Vroom
260 ## - PUBLICATION, DISTRIBUTION, ETC.
Place of publication, distribution, etc. Harmondsworth, Middlesex
Name of publisher, distributor, etc. Penguin
Date of publication, distribution, etc. 1982
300 ## - PHYSICAL DESCRIPTION
Extent 399p.: ill.
350 ## -
-- 0.00
650 ## - SUBJECT ADDED ENTRY--TOPICAL TERM
Topical term or geographic name entry element MOTIVATION
650 #0 - SUBJECT ADDED ENTRY--TOPICAL TERM
Topical term or geographic name entry element MANAGEMENT
700 ## - ADDED ENTRY--PERSONAL NAME
Personal name Deci, Edward L
995 ## -
-- BINDERY (DAMAGED)
-- 0.00
-- 704501
-- CBU-MAIN LIBRARY (Kitwe)
-- 1
-- 0.00
-- HF 5548.8 MAN
-- 2
-- DAMAGED
-- Sep 30, 2009
-- 704501
-- Main Library Open Access Collection
995 ## -
-- BINDERY (DAMAGED)
-- 0.00
-- 704502
-- CBU-MAIN LIBRARY (Kitwe)
-- 1
-- 0.00
-- HF 5548.8 Man
-- 1
-- DAMAGED
-- 005306
-- Main Library Open Access Collection
999 ## -
-- 82404
-- 82404
Holdings
Withdrawn status Lost status Source of classification or shelving scheme Damaged status Not for loan Permanent Location Current Location Shelving location Date acquired Total Checkouts Full call number Barcode Date last seen Copy number Price effective from Koha item type
          CBU-MAIN LIBRARY, KITWE. CBU-MAIN LIBRARY, KITWE.   09/27/2023   HF 5548.8 Man 704501 09/27/2023 1 09/27/2023 MONOGRAPH
          CBU-MAIN LIBRARY, KITWE. CBU-MAIN LIBRARY, KITWE.   09/27/2023   HF 5548.8 Man 005306 09/27/2023 2 09/27/2023 MONOGRAPH